| 000 | 00537nam a2200169 a 4500 | ||
|---|---|---|---|
| 005 | 20140414132111.0 | ||
| 008 | 110513s19uu xx 00 eng d | ||
| 050 |
_aTR _bD85 2007 |
||
| 100 | _aUrbanovic, Jackie. | ||
| 245 |
_aDuck at the door / _cJackie Urbanovic. |
||
| 260 |
_aNew York, NY : _bScholastic , _cc2007. |
||
| 520 | _aWhen Max the duck decides to stay behind when his flock flies south, Irene invites him to stay with her for the winter. | ||
| 650 | _aDucks | ||
| 650 | _aAnimals | ||
| 650 | _aWinter | ||
| 999 |
_c114755 _d114755 |
||